00923 2200193 4500245007800000020002200078250001100100100002400111700001600135650002500151650001200176005001900188260003700207041001400244084000800258300002600266500042800292336000900720 aSejarah Kota Jakarta b : Tapak Jejak BataviacThomas B. AtaladjarhText a978-602-6847-88-1 aCet. 1 aThomas B. Ataladjar aRian Irawan aSejarah Kota Jakarta aBatavia a20240229113445 aJakartabPenerbit Erlanggac2018 aIndonesia a911 aix, 206 hlm. :cilus. aBuku ini mengulas sepenggal masa dari untaian sejarah Jakarta. Buku ini membahas perkembangan dan perubahan tata kota Jakarta sejak menjadi kota pelabuhan di era kerajaan Nusantara hingga menjadi pusat pemerintahan kolonial Belanda di Asia. Muatan sejarah panjang perubahan nama kota, pembangunan kastel dan kota benteng Batavia, hingga asal muasal julukan "Sang Ratu dari Timur" dan "Kuburan Orang Belanda" diulas ringkas. atext